Panorama de la nouvelle litterature francaise
Sparad:
| Huvudupphovsman: | |
|---|---|
| Materialtyp: | Bok |
| Språk: | franska |
| Publicerad: |
París
Gallimard
1960
|
| Ämnen: | |
| Taggar: |
Lägg till en tagg
Inga taggar, Lägg till första taggen!
|
MARC
| LEADER | 00000nam a2200000 a 4500 | ||
|---|---|---|---|
| 001 | UCZ2827 | ||
| 003 | CL-VaPUC | ||
| 008 | 951013e19600000FR |||||||||||||||||fre|d | ||
| 082 | 0 | 4 | |a 840.9 |b PIC |2 21 |
| 100 | 0 | |a Picon, Gaetan |e author |9 346600 | |
| 245 | 1 | 0 | |a Panorama de la nouvelle litterature francaise |
| 300 | |a 678 p | ||
| 942 | |c BK | ||
| 945 | |d 19951013 00:00:00 |a rbrito | ||
| 260 | |a París |b Gallimard |c 1960 | ||
| 650 | 0 | |a Literatura francesa |9 266330 | |
| 650 | 0 | |a Crítica literaria |9 269189 | |
| 650 | 0 | |a Historia |9 255047 | |
| 650 | 0 | |a Poesía francesa |9 264947 | |
| 583 | |a last modification |c 19951013 00:00:00 |k Rodrigo Vera | ||
| 999 | |c 239378 |d 239376 | ||
| 952 | |0 0 |1 0 |4 0 |6 840_900000000000000_PIC_1960 |7 0 |8 A |9 250471 |a BIBEDU |b BIBEDU |d 2019-11-18 |i 3138054 |o 840.9 PIC 1960 |p 3138054 |r 2019-11-18 |w 2019-11-18 |y BK |k LIT | ||